000 00603nam a2200193Ia 4500
003 GCL
008 140319s9999 xx 000 0 ara d
040 _aGCL /
_cGCL
082 0 4 _a574.82
_bن ا
100 1 _aبشير محمود جرار
245 1 0 _aاساسيات علم كيمياء الانسجة (النظرية والتطبيق) /
_cبشير محمود جرار
700 1 _aنورى بن طاهر الطيب
300 _a316 ص
490 _aكتاب
_v0
650 0 4 _aالاحماض الامنيية
650 0 4 _aالكيمياء, علم
650 0 4 _aالنسيج
942 _2ddc
_cBK
999 _c42460
_d42460